00462nam a2200181Ia 4500008004100000020001800041050001400059100002300073245003100096245005400127260001500181260001600196260000900212300001400221300002700235300001000262500000800272170918s9999 xx 000 0 und d a9780545496674 bA285 2010 aAhearn, Janet Reed aDon't call me pruneface! / cJanet Reed Ahearn ; illustrated by Drazen Kozjan. aNew York : bScholastic, c2010 aunpaged : bcolored illustration ; c28cm. a400